Entry Personal Name
001 - CONTROL NUMBER
- control field: 8793
003 - CONTROL NUMBER IDENTIFIER
- control field: AM-YEHGA
005 - DATE AND TIME OF LATEST TRANSACTION
- control field: 20250618063806.0
008 - FIXED-LENGTH DATA ELEMENTS
- fixed length control field: 181130na|ac|nnaab| fb aaa ||
040 ## - CATALOGING SOURCE
- Original cataloging agency: AM-YEHGA
046 ## - SPECIAL CODED DATES
- Birth date: 1854-11-19
- Death date: 1947-07-21
100 1# - HEADING--PERSONAL NAME
- Personal name: Մալխասյանց, Ստեփան Սարգսի,
- Dates associated with a name: 1857-1947
370 ## - ASSOCIATED PLACE
- Place of birth: ք. Ախալցխա (Վրաստան)
- Place of death: ք. Երևան (Հայաստան)
372 ## - FIELD OF ACTIVITY
- Field of activity: Լեզվաբանություն
- Field of activity: Թարգմանություն
- Field of activity: Բառարանագրություն
- Field of activity: Լրագրություն
373 ## - ASSOCIATED GROUP
- Associated group: Գևորգյան ճեմարան
- Start period: 1874
- End period: 1978
373 ## - ASSOCIATED GROUP
- Associated group: Սանկտ Պետերբուրգի կայսերական համալսարան
- Start period: 1978
- End period: 1889
374 ## - OCCUPATION
- Occupation: Լեզվաբան
- Occupation: Թարգմանիչ
- Occupation: Բառարանագետ
- Occupation: Լրագրող
- Occupation: Բանասիրական գիտությունների դոկտոր
375 ## - GENDER
- Gender: Արական
400 1# - SEE FROM TRACING--PERSONAL NAME
- Personal name: Մալխասեանց, Ստեփան,
- Dates associated with a name: 1857-1947
400 1# - SEE FROM TRACING--PERSONAL NAME
- Personal name: Մալխասյանց Ս.Ս.,
- Dates associated with a name: 1857-1947
400 1# - SEE FROM TRACING--PERSONAL NAME
- Personal name: Մալխասյան Ստ.Ս.,
- Dates associated with a name: 1857-1947
400 1# - SEE FROM TRACING--PERSONAL NAME
- Personal name: Մալխասյանց, Ստեփանոս Սարգսի,
- Dates associated with a name: 1857-1947
400 1# - SEE FROM TRACING--PERSONAL NAME
- Personal name: Մալխասեանց Ստ.,
- Dates associated with a name: 1857-1947
400 1# - SEE FROM TRACING--PERSONAL NAME
- Personal name: Malkhasyants Stepanos Sargsi,
- Dates associated with a name: 1857-1947
400 1# - SEE FROM TRACING--PERSONAL NAME
- Personal name: Malkhasyants, Stepan,
- Dates associated with a name: 1857-1947
400 1# - SEE FROM TRACING--PERSONAL NAME
- Personal name: Малхасянц Степан Саркисович,
- Dates associated with a name: 1857-1947
670 ## - SOURCE DATA FOUND
- Uniform Resource Identifier: https://hy.wikipedia.org/wiki/Ստեփան_Մալխասյանց
670 ## - SOURCE DATA FOUND
- Uniform Resource Identifier: http://surl.li/hsspd
670 ## - SOURCE DATA FOUND
- Source citation: Ուսումնասիրութիւն Փաւստոս Բիւզանդի պատմութեան, 1896թ․
- Information found: տիտղթ. (Ստեփան Մալխասեան)
670 ## - SOURCE DATA FOUND
- Source citation: Մատենագիտական դիտողություններ,1961։
- Information found: տիտղթ. (Ստ․ Մալխասյանց)
670 ## - SOURCE DATA FOUND
- Source citation: Բանասիրական հետազոտություններ,1982։
- Information found: տիտղթ. (Ստեփան Մալխասյանց)
670 ## - SOURCE DATA FOUND
- Source citation: Հայերեն բացատրական բառարան, հատոր առաջին,1944։
- Information found: տիտղթ. (Ստ․ Մալխասեանց)
670 ## - SOURCE DATA FOUND
- Source citation: Հայկական համառոտ հանրագիտարան 3,1999։
- Information found: Էջ՝ 524 (Մալխասյանց Ստեփան Սարգսի)
670 ## - SOURCE DATA FOUND
- Source citation: Հայկական սովետական հանրագիտարան հտ․ 7,1981։
- Information found: Էջ՝ 162 (Ս․ Ս․ Մալխասյանց)
670 ## - SOURCE DATA FOUND
- Source citation: https://en.wikipedia.org/wiki/Stepan_Malkhasyants
ՀՀ Գիտությունների ազգային ակադեմիայի հիմնարար գիտական գրադարան = Fundamental Scientific Library of NAS RA
All site content, except where otherwise noted, is licensed under a